2020s Directors by Movies - Statistics

General Stats
  • This quiz has been taken 83 times
  • The average score is 10 of 15
Answer Stats
Movies Directors % Correct
Tenet, Oppenheimer Christopher Nolan
96%
Killers of the Flower Moon Martin Scorsese
89%
Avatar: The Way of Water, Avatar: Ash and Fire James Cameron
87%
Beetlejuice Beetlejuice Tim Burton
85%
Barbie Greta Gerwig
84%
Megalopolis Francis Ford Coppola
81%
West Side Story, The Fabelmans Steven Spielberg
81%
House of Gucci, The Last Duel, Napoleon, Gladiator II Ridley Scott
80%
The French Dispatch, Asteroid City, The Wonderful Story of Henry Sugar and Three More, The Phoenician Scheme Wes Anderson
76%
Zack Snyder's Justice League, Army of the Dead, Rebel Moon: Part One: A Child of Fire, Rebel Moon: Part Two: The Scargiver Zack Snyder
71%
Thor: Love and Thunder, Next Goal Wins, Klara and the Sun Taika Waititi
63%
Glass Onion: A Knives Out Mystery, Wake Up Dead Man: A Benoit Blanc Mystery Rian Johnson
57%
Spider-Man: No Way Home, Wolfs Jon Watts
37%
Top Gun: Maverick, Spiderhead, F1 Joseph Kosinski
35%
White Noise, Jay Kelly Noah Baumbach
24%
No matching quizzes found
Score Distribution
Percent of People with Each Score
Percentile by Number Answered
Your Score History
You have not taken this quiz